[Event "Winnipeg TNT May op"]
[Site "Winnipeg CAN"]
[Date "2011.05.10"]
[Round "2"]
[White "Czypinski, Jaroslaw"]
[Black "Li, Kevin"]
[Result "0-1"]
[WhiteElo "1943"]
[BlackElo "2239"]
[PlyCount "167"]
[GameId "2160767909704642"]
[EventDate "2011.05.03"]
[EventType "swiss"]
[EventRounds "5"]
[EventCountry "CAN"]
[SourceTitle "EXT 2022"]
[Source "ChessBase"]
[SourceDate "2021.10.06"]
[SourceVersion "1"]
[SourceVersionDate "2021.10.06"]
[SourceQuality "1"]

1. e4 c5 2. d4 cxd4 3. c3 d5 4. exd5 Qxd5 5. Nf3 e5 6. cxd4 e4 7. Nc3 Bb4 8. Ne5 Nc6 9. Nxc6 Qxc6 10. Bd2 Bxc3 11. Bxc3 Nf6 12. Rc1 Bg4 13. Be2 Bxe2 14. Qxe2 O-O 15. O-O Qe6 16. b3 Nd5 17. Bd2 f5 18. Rfe1 Rae8 19. g3 f4 20. Bxf4 Nxf4 21. gxf4 Qg6+ 22. Kh1 Rxf4 23. Rg1 Qh6 24. Rc7 Ref8 25. Rgxg7+ Qxg7 26. Rxg7+ Kxg7 27. Kg1 Rxf2 28. Qxe4 Rxa2 29. Qe5+ Rf6 30. d5 Raa6 31. Qe7+ Rf7 32. Qe5+ Raf6 33. h4 Rd7 34. h5 h6 35. Qe4 Rfd6 36. Qg2+ Kf8 37. Qf2+ Rf7 38. Qxa7 Rxd5 39. Qb8+ Kg7 40. Kg2 Rg5+ 41. Kh3 Rxh5+ 42. Kg3 Rb5 43. b4 Rxb4 44. Qe5+ Kh7 45. Qe6 Rg7+ 46. Kf3 Rbg4 47. Qf5+ R4g6 48. Ke4 Re7+ 49. Kd4 Kg7 50. Kc4 Rg5 51. Qf4 b5+ 52. Kb4 Rge5 53. Qg3+ Kh7 54. Qd3+ Kg7 55. Qg3+ Rg5 56. Qc3+ Ree5 57. Qc7+ Kg6 58. Qc6+ Kh5 59. Qh1+ Kg6 60. Qc6+ Kh5 61. Qh1+ Kg6 62. Qc6+ Kg7 63. Qc7+ Kf6 64. Qc6+ Re6 65. Qc3+ Kf7 66. Qc7+ Kg6 67. Qc2+ Rf5 68. Qg2+ Kf6 69. Qb2+ Ree5 70. Qc2 Rf4+ 71. Ka5 b4+ 72. Kb6 h5 73. Qh7 Kg5 74. Qg7+ Kf5 75. Qh7+ Kg4 76. Qg8+ Kh4 77. Qd8+ Rg5 78. Qe7 b3 79. Qe1+ Kh3 80. Qh1+ Kg4 81. Qd1+ Rf3 82. Qd4+ Kh3 83. Qd7+ Rg4 84. Qd1 0-1

[Event "Winnipeg TNT May op"]
[Site "Winnipeg CAN"]
[Date "2011.05.10"]
[Round "2"]
[White "Kaptsan, Aron"]
[Black "Milord, Frank"]
[Result "1-0"]
[WhiteElo "2002"]
[BlackElo "1655"]
[PlyCount "65"]
[GameId "2160767909704643"]
[EventDate "2011.05.03"]
[EventType "swiss"]
[EventRounds "5"]
[EventCountry "CAN"]
[SourceTitle "EXT 2022"]
[Source "ChessBase"]
[SourceDate "2021.10.06"]
[SourceVersion "1"]
[SourceVersionDate "2021.10.06"]
[SourceQuality "1"]

1. d4 d5 2. c4 c6 3. Nc3 Nf6 4. e3 Bf5 5. Qb3 Qb6 6. Qxb6 axb6 7. cxd5 cxd5 8. Nf3 Na6 9. Bb5+ Bd7 10. Bxd7+ Kxd7 11. O-O e6 12. Ne5+ Ke8 13. Bd2 Bb4 14. Rfc1 Ke7 15. a3 Bxc3 16. bxc3 Ne4 17. Be1 b5 18. a4 bxa4 19. Rxa4 f6 20. Nd3 Rhc8 21. c4 Rxc4 22. Raxc4 dxc4 23. Rxc4 Kd7 24. f3 Nd6 25. Rc2 Rc8 26. Rb2 Rc6 27. e4 Kc8 28. Kf2 Nc4 29. Ra2 b5 30. Nb4 Nxb4 31. Bxb4 Kd7 32. Ke2 g5 33. Ra7+ 1-0

[Event "Winnipeg TNT May op"]
[Site "Winnipeg CAN"]
[Date "2011.05.10"]
[Round "2"]
[White "Lipic, Stephen"]
[Black "Leaden, Bruce"]
[Result "1-0"]
[WhiteElo "1869"]
[BlackElo "1400"]
[PlyCount "51"]
[GameId "2160767909704645"]
[EventDate "2011.05.03"]
[EventType "swiss"]
[EventRounds "5"]
[EventCountry "CAN"]
[SourceTitle "EXT 2022"]
[Source "ChessBase"]
[SourceDate "2021.10.06"]
[SourceVersion "1"]
[SourceVersionDate "2021.10.06"]
[SourceQuality "1"]

1. e4 e5 2. Nf3 Nc6 3. Nc3 d6 4. Bc4 Bg4 5. h3 Bh5 6. d3 Nf6 7. Bg5 Be7 8. Bxf6 Bxf3 9. Bxe7 Bxd1 10. Bxd8 Rxd8 11. Nxd1 O-O 12. Ne3 a6 13. a4 Ne7 14. g4 Ng6 15. O-O-O Nf4 16. h4 c6 17. g5 d5 18. exd5 cxd5 19. Bb3 b5 20. axb5 axb5 21. Rde1 d4 22. Ng4 Ng6 23. h5 Ne7 24. Nxe5 Nd5 25. g6 fxg6 26. Nc6 1-0

[Event "Winnipeg TNT May op"]
[Site "Winnipeg CAN"]
[Date "2011.05.10"]
[Round "2"]
[White "Moncal, Nilo"]
[Black "Rutter, Blair"]
[Result "1-0"]
[WhiteElo "2056"]
[BlackElo "1868"]
[PlyCount "87"]
[GameId "2160767909704646"]
[EventDate "2011.05.03"]
[EventType "swiss"]
[EventRounds "5"]
[EventCountry "CAN"]
[SourceTitle "EXT 2022"]
[Source "ChessBase"]
[SourceDate "2021.10.06"]
[SourceVersion "1"]
[SourceVersionDate "2021.10.06"]
[SourceQuality "1"]

1. e4 e6 2. d4 d5 3. exd5 exd5 4. Bd3 Nf6 5. Nc3 Be7 6. Bg5 O-O 7. Nge2 c6 8. Qd2 Nbd7 9. O-O Ne4 10. Bxe7 Nxd2 11. Bxd8 Nxf1 12. Bg5 h6 13. Bc1 Nxh2 14. Kxh2 Nf6 15. f3 b5 16. Bf4 g5 17. Be5 Ne8 18. g4 f6 19. Bg3 Ng7 20. Bd6 Re8 21. Ng3 Re6 22. Bc5 a5 23. a3 Rb8 24. Kg2 f5 25. Nxf5 Nxf5 26. Bxf5 Rf6 27. Bxc8 Rxc8 28. Re1 Kf7 29. Re7+ Kg6 30. Ne2 Rf7 31. Re5 Rcc7 32. Ng3 Rf6 33. Nf5 a4 34. Be7 Rf7 35. Re6+ Kh7 36. Rxh6+ Kg8 37. Bxg5 c5 38. Bf6 Rh7 39. Rxh7 Kxh7 40. Be5 Rc6 41. Ne7 Re6 42. Nxd5 cxd4 43. f4 Rc6 44. Nb4 1-0

[Event "Winnipeg TNT May op"]
[Site "Winnipeg CAN"]
[Date "2011.05.10"]
[Round "2"]
[White "Pearce, Thomas"]
[Black "Wolchock, Joe"]
[Result "1-0"]
[WhiteElo "1712"]
[BlackElo "1388"]
[PlyCount "81"]
[GameId "2160767909704647"]
[EventDate "2011.05.03"]
[EventType "swiss"]
[EventRounds "5"]
[EventCountry "CAN"]
[SourceTitle "EXT 2022"]
[Source "ChessBase"]
[SourceDate "2021.10.06"]
[SourceVersion "1"]
[SourceVersionDate "2021.10.06"]
[SourceQuality "1"]

1. d4 Nf6 2. c4 g6 3. e3 Bg7 4. Nc3 O-O 5. Bd3 b6 6. Nge2 Bb7 7. O-O Nc6 8. a3 Ba6 9. b3 e6 10. e4 e5 11. d5 Nd4 12. Nxd4 exd4 13. Ne2 c5 14. f4 Ng4 15. Rf3 Bf6 16. e5 Bh4 17. g3 Be7 18. d6 Bxd6 19. exd6 Bb7 20. Rf1 Qe8 21. Ra2 Qe6 22. f5 Qxd6 23. Bf4 Qe7 24. Nc1 Ne5 25. Bxe5 Qxe5 26. Re2 Qf6 27. Be4 Bxe4 28. Rxe4 Rae8 29. Rxe8 Rxe8 30. fxg6 Qxg6 31. Nd3 Re3 32. Nf4 Qe4 33. Qg4+ Kf8 34. Qxd7 Re1 35. Rxe1 Qxe1+ 36. Kg2 Qd2+ 37. Kh3 Qc3 38. Nd5 Qxb3 39. Qd6+ Kg7 40. Qf6+ Kf8 41. Qh8# 1-0

[Event "Winnipeg TNT May op"]
[Site "Winnipeg CAN"]
[Date "2011.05.10"]
[Round "2"]
[White "Trueman, Francis"]
[Black "Reimer, Bruce"]
[Result "0-1"]
[WhiteElo "1469"]
[BlackElo "1660"]
[PlyCount "100"]
[GameId "2160767909704648"]
[EventDate "2011.05.03"]
[EventType "swiss"]
[EventRounds "5"]
[EventCountry "CAN"]
[SourceTitle "EXT 2022"]
[Source "ChessBase"]
[SourceDate "2021.10.06"]
[SourceVersion "1"]
[SourceVersionDate "2021.10.06"]
[SourceQuality "1"]

1. Nf3 d5 2. d3 Nc6 3. Nbd2 e5 4. e4 d4 5. a4 Bb4 6. g3 f5 7. Nh4 Nge7 8. Qh5+ g6 9. Nxg6 Nxg6 10. exf5 Qf6 11. fxg6 hxg6 12. Qe2 Bf5 13. Bg2 O-O-O 14. Bxc6 Qxc6 15. O-O Bh3 16. f3 Bxf1 17. Nxf1 Qf6 18. Kg2 Rdf8 19. h4 Qc6 20. Nh2 Be7 21. Ng4 Bxh4 22. Nxe5 Qe6 23. g4 Bf6 24. Bf4 g5 25. Bg3 Rh6 26. Re1 Re8 27. Qd2 Bxe5 28. Rxe5 Qc6 29. Rxg5 Rhe6 30. Kf2 Qxa4 31. Ra5 Re2+ 32. Kf1 Rxd2 33. Rxa4 Rxc2 34. Rxd4 Rxb2 35. g5 Re6 36. Re4 Rc6 37. Re2 Rb3 38. Rd2 Kd7 39. Kg2 a5 40. Be5 Ke6 41. f4 Rc5 42. g6 Rd5 43. d4 c5 44. Re2 cxd4 45. Bxd4+ Kf5 46. g7 Rd8 47. Re7 Kg6 48. f5+ Kxf5 49. Rf7+ Kg6 50. Rf8 Rb2+ 0-1

[Event "Winnipeg TNT May op"]
[Site "Winnipeg CAN"]
[Date "2011.05.17"]
[Round "3"]
[White "Boron, Anthony"]
[Black "Mundwiler, Les"]
[Result "0-1"]
[WhiteElo "1985"]
[BlackElo "2071"]
[PlyCount "74"]
[GameId "2160767909704649"]
[EventDate "2011.05.03"]
[EventType "swiss"]
[EventRounds "5"]
[EventCountry "CAN"]
[SourceTitle "EXT 2022"]
[Source "ChessBase"]
[SourceDate "2021.10.06"]
[SourceVersion "1"]
[SourceVersionDate "2021.10.06"]
[SourceQuality "1"]

1. e4 e5 2. Nf3 Nc6 3. Bb5 Nd4 4. Nxd4 exd4 5. c3 Qg5 6. Bf1 Bc5 7. d3 Qf6 8. c4 Ne7 9. a3 a5 10. h4 h6 11. Nd2 d6 12. Nf3 Ng6 13. Be2 Nf4 14. Bf1 Bg4 15. Bd2 a4 16. Bxf4 Qxf4 17. Qd2 Qf6 18. Be2 O-O 19. Rb1 Bb6 20. O-O Bxf3 21. Bxf3 Qxh4 22. g3 Qe7 23. Kg2 c6 24. Rh1 Ra5 25. Rh3 Bc7 26. Rbh1 Rg5 27. Qb4 Bb8 28. Qxa4 f5 29. c5 fxe4 30. Qb3+ d5 31. dxe4 Qxc5 32. exd5 cxd5 33. Rh5 Rff5 34. Rxg5 Rxg5 35. Qxb7 Bxg3 36. Qa8+ Bb8+ 37. Kh3 Qc8+ 0-1

[Event "Winnipeg TNT May op"]
[Site "Winnipeg CAN"]
[Date "2011.05.17"]
[Round "3"]
[White "Campbell, Gary"]
[Black "Babb, Jeff"]
[Result "0-1"]
[WhiteElo "1729"]
[BlackElo "2218"]
[PlyCount "66"]
[GameId "2160767909704650"]
[EventDate "2011.05.03"]
[EventType "swiss"]
[EventRounds "5"]
[EventCountry "CAN"]
[SourceTitle "EXT 2022"]
[Source "ChessBase"]
[SourceDate "2021.10.06"]
[SourceVersion "1"]
[SourceVersionDate "2021.10.06"]
[SourceQuality "1"]

1. d4 Nf6 2. c4 c5 3. d5 b5 4. cxb5 a6 5. b6 d6 6. Nc3 g6 7. e4 Nbd7 8. Nf3 Bg7 9. Bd3 Qxb6 10. O-O Ng4 11. Qc2 O-O 12. Na4 Qa7 13. Bd2 Nge5 14. Nxe5 Nxe5 15. Bc3 Bd7 16. Bxe5 Bxe5 17. Rab1 Rfb8 18. Nc3 Bb5 19. b3 Bxd3 20. Qxd3 Rb4 21. Ne2 a5 22. Kh1 Qa6 23. Qe3 a4 24. f4 Bg7 25. e5 axb3 26. axb3 Qb7 27. exd6 exd6 28. f5 Qxd5 29. fxg6 hxg6 30. Qe7 Re4 31. Nf4 Rxe7 32. Nxd5 Rb7 33. g3 Rab8 0-1

[Event "Winnipeg TNT May op"]
[Site "Winnipeg CAN"]
[Date "2011.05.17"]
[Round "3"]
[White "Li, Kevin"]
[Black "Moncal, Nilo"]
[Result "0-1"]
[WhiteElo "2056"]
[BlackElo "2039"]
[PlyCount "119"]
[GameId "2160767909704652"]
[EventDate "2011.05.03"]
[EventType "swiss"]
[EventRounds "5"]
[EventCountry "CAN"]
[SourceTitle "EXT 2022"]
[Source "ChessBase"]
[SourceDate "2021.10.06"]
[SourceVersion "1"]
[SourceVersionDate "2021.10.06"]
[SourceQuality "1"]

1. e4 e6 2. d4 d5 3. Nc3 Nf6 4. Bg5 Be7 5. Bxf6 Bxf6 6. Nf3 O-O 7. Bd3 Nc6 8. e5 Be7 9. h4 h6 10. Qd2 Nb4 11. Ne2 Nxd3+ 12. Qxd3 c5 13. c3 cxd4 14. Nexd4 Bd7 15. g4 f6 16. Qe3 fxe5 17. Nxe5 Bxh4 18. Ndf3 Bf6 19. Ng6 Re8 20. Nfe5 Bc6 21. Rh5 Qb6 22. O-O-O Qxe3+ 23. fxe3 Bxe5 24. Rxe5 Kf7 25. Nf4 Kf6 26. Rh5 Rad8 27. Rf1 Ke7 28. Ng6+ Kd6 29. Ne5 Rf8 30. Rf7 g6 31. Rxf8 Rxf8 32. Nxg6 Rf1+ 33. Kd2 Be8 34. Rxh6 Rf6 35. Rh8 Bxg6 36. Rh6 Ke5 37. g5 Rf2+ 38. Ke1 Rxb2 39. Rxg6 Rxa2 40. Rg7 b5 41. Rb7 Rg2 42. Rxb5 Ke4 43. Kf1 Rxg5 44. Kf2 Rh5 45. c4 Rf5+ 46. Ke2 dxc4 47. Rb4 Rc5 48. Ra4 a5 49. Kd2 e5 50. Ke2 Kd5 51. Kd2 Ke4 52. Ke2 Kf5 53. Kd1 Kg4 54. Ke2 Kg3 55. Ra1 Kg2 56. Ra2 e4 57. Rc2 c3 58. Kd1+ Kf3 59. Ke1 Kxe3 60. Re2+ 0-1

[Event "Winnipeg TNT May op"]
[Site "Winnipeg CAN"]
[Date "2011.05.17"]
[Round "3"]
[White "Milord, Frank"]
[Black "Czypinski, Jaroslaw"]
[Result "0-1"]
[WhiteElo "1655"]
[BlackElo "1943"]
[PlyCount "94"]
[GameId "2160767909704653"]
[EventDate "2011.05.03"]
[EventType "swiss"]
[EventRounds "5"]
[EventCountry "CAN"]
[SourceTitle "EXT 2022"]
[Source "ChessBase"]
[SourceDate "2021.10.06"]
[SourceVersion "1"]
[SourceVersionDate "2021.10.06"]
[SourceQuality "1"]

1. e4 d5 2. exd5 Nf6 3. d4 e6 4. Bb5+ c6 5. dxc6 Nxc6 6. c3 Be7 7. Nf3 O-O 8. O-O Bd7 9. Bd3 Qc7 10. Re1 Rac8 11. Nbd2 a6 12. a4 Rfe8 13. Nf1 Nd5 14. Ne3 Nxe3 15. Bxe3 Bf6 16. Bg5 Qd8 17. Bf4 Ne7 18. Be5 Ng6 19. Qe2 Bc6 20. Bxf6 Qxf6 21. Be4 Red8 22. g3 Bd5 23. Qe3 Rc7 24. Kg2 Qe7 25. a5 Qd6 26. Bxd5 Qxd5 27. Qe4 Qb3 28. Re2 Qb5 29. h4 Ne7 30. Ng5 Qd5 31. f3 Qxe4 32. fxe4 Nc8 33. Nf3 Ne7 34. Rd2 f6 35. Ra3 Kf7 36. Kf2 Nc8 37. e5 Ne7 38. b4 Nd5 39. exf6 gxf6 40. Rd3 Rdc8 41. Nd2 Nxc3 42. Kf3 Nb5 43. Ne4 Rc4 44. Ra2 Nxd4+ 45. Ke3 Nf5+ 46. Kf3 Rxb4 47. Rad2 Rc7 0-1

[Event "Winnipeg TNT May op"]
[Site "Winnipeg CAN"]
[Date "2011.05.17"]
[Round "3"]
[White "Pearce, Thomas"]
[Black "Wolchock, Theo"]
[Result "0-1"]
[WhiteElo "1712"]
[BlackElo "1640"]
[PlyCount "86"]
[GameId "2160767909704654"]
[EventDate "2011.05.03"]
[EventType "swiss"]
[EventRounds "5"]
[EventCountry "CAN"]
[SourceTitle "EXT 2022"]
[Source "ChessBase"]
[SourceDate "2021.10.06"]
[SourceVersion "1"]
[SourceVersionDate "2021.10.06"]
[SourceQuality "1"]

1. d4 e6 2. c4 Nf6 3. e3 Nc6 4. a3 a5 5. Bd3 Be7 6. Ne2 O-O 7. Nbc3 b6 8. O-O Bb7 9. Ng3 Re8 10. b3 d5 11. f4 Nb8 12. Ra2 Nbd7 13. Raf2 c5 14. Nb5 Rc8 15. Bb2 h6 16. Qe2 Bc6 17. Na7 Rc7 18. Nxc6 Rxc6 19. f5 Qc7 20. e4 dxe4 21. Nxe4 Nxe4 22. Bxe4 Rd6 23. d5 exd5 24. Bxd5 Qb8 25. Qg4 Nf6 26. Qg6 Rxd5 27. Qg3 Qxg3 28. hxg3 Rd3 29. Rf3 Rd2 30. R3f2 Rxf2 31. Rxf2 Ng4 32. Re2 Rd8 33. Bc3 Bg5 34. Re4 Be3+ 35. Kf1 h5 36. Ke2 Bd4 37. Bd2 Be5 38. Bg5 f6 39. Bh4 Kf7 40. a4 Rd4 41. Rxd4 cxd4 42. Kd3 g5 43. fxg6+ Kxg6 0-1

[Event "Winnipeg TNT May op"]
[Site "Winnipeg CAN"]
[Date "2011.05.17"]
[Round "3"]
[White "Rutter, Blair"]
[Black "Le Dorze, Philippe"]
[Result "1-0"]
[WhiteElo "1868"]
[BlackElo "1601"]
[PlyCount "57"]
[GameId "2160767909704656"]
[EventDate "2011.05.03"]
[EventType "swiss"]
[EventRounds "5"]
[EventCountry "CAN"]
[SourceTitle "EXT 2022"]
[Source "ChessBase"]
[SourceDate "2021.10.06"]
[SourceVersion "1"]
[SourceVersionDate "2021.10.06"]
[SourceQuality "1"]

1. c4 c5 2. g3 Nf6 3. Bg2 g6 4. e4 Nc6 5. Nc3 Bg7 6. Nge2 O-O 7. O-O d6 8. h3 Be6 9. d3 Qd7 10. Kh2 h5 11. Be3 Nh7 12. Qd2 f5 13. Nf4 fxe4 14. Nxe6 Qxe6 15. Nxe4 Nd4 16. f4 Nf5 17. Bf2 Rab8 18. Nxc5 Qc8 19. Ne6 Rf6 20. Nxg7 Kxg7 21. g4 hxg4 22. hxg4 Nh6 23. g5 Ng4+ 24. Kg1 Rf5 25. Bd4+ e5 26. Bc3 Qh8 27. Bh3 Nxg5 28. Bxg4 Nh3+ 29. Kg2 1-0

[Event "Winnipeg TNT May op"]
[Site "Winnipeg CAN"]
[Date "2011.05.17"]
[Round "3"]
[White "Schulz, Waldemar"]
[Black "Kaptsan, Aron"]
[Result "1/2-1/2"]
[WhiteElo "2044"]
[BlackElo "2002"]
[PlyCount "24"]
[GameId "2160767909704657"]
[EventDate "2011.05.03"]
[EventType "swiss"]
[EventRounds "5"]
[EventCountry "CAN"]
[SourceTitle "EXT 2022"]
[Source "ChessBase"]
[SourceDate "2021.10.06"]
[SourceVersion "1"]
[SourceVersionDate "2021.10.06"]
[SourceQuality "1"]

1. Nf3 d5 2. d4 Nf6 3. g3 c5 4. Bg2 e6 5. O-O cxd4 6. Nxd4 Nc6 7. c4 Qb6 8. Nxc6 bxc6 9. Nc3 Bb4 10. Be3 Qa6 11. cxd5 cxd5 12. Bd4 O-O 1/2-1/2

[Event "Winnipeg TNT May op"]
[Site "Winnipeg CAN"]
[Date "2011.05.17"]
[Round "3"]
[White "Wolchock, Joe"]
[Black "Baron, Cody"]
[Result "0-1"]
[WhiteElo "1388"]
[BlackElo "1242"]
[PlyCount "63"]
[GameId "2160767909704658"]
[EventDate "2011.05.03"]
[EventType "swiss"]
[EventRounds "5"]
[EventCountry "CAN"]
[SourceTitle "EXT 2022"]
[Source "ChessBase"]
[SourceDate "2021.10.06"]
[SourceVersion "1"]
[SourceVersionDate "2021.10.06"]
[SourceQuality "1"]

1. e4 e5 2. Nf3 Nc6 3. Be2 Nf6 4. b3 d5 5. Bb5 Bd7 6. O-O Be7 7. Ng5 O-O 8. Nc3 h6 9. Nf3 dxe4 10. Nh4 a6 11. Bc4 g5 12. Nf5 Bxf5 13. Ne2 h5 14. Ng3 Qc8 15. Nxh5 Bg4 16. Be2 Nd4 17. Nxf6+ Bxf6 18. Bxg4 Qd8 19. Ba3 Be7 20. Bb2 Bf6 21. c3 Nc6 22. Re1 Qd3 23. Re3 Qd6 24. Rxe4 Rad8 25. a4 Qxd2 26. Qxd2 Rxd2 27. Rb1 b5 28. Bc1 Rc2 29. Re3 Rb8 30. Bd1 Ra2 31. Bf3 Rd8 32. Bxc6 0-1

[Event "Winnipeg TNT May op"]
[Site "Winnipeg CAN"]
[Date "2011.05.24"]
[Round "4"]
[White "Czypinski, Jaroslaw"]
[Black "Schulz, Waldemar"]
[Result "1/2-1/2"]
[WhiteElo "1943"]
[BlackElo "2044"]
[PlyCount "29"]
[GameId "2160767909704659"]
[EventDate "2011.05.03"]
[EventType "swiss"]
[EventRounds "5"]
[EventCountry "CAN"]
[SourceTitle "EXT 2022"]
[Source "ChessBase"]
[SourceDate "2021.10.06"]
[SourceVersion "1"]
[SourceVersionDate "2021.10.06"]
[SourceQuality "1"]

1. e4 c5 2. d4 cxd4 3. c3 Nf6 4. Bd3 Nc6 5. Nf3 d5 6. exd5 Qxd5 7. cxd4 Bg4 8. Be2 e6 9. O-O Be7 10. Nc3 Qa5 11. Bd2 O-O 12. Ne4 Qd5 13. Nc3 Qa5 14. Ne4 Qd5 15. Nc3 1/2-1/2

[Event "Winnipeg TNT May op"]
[Site "Winnipeg CAN"]
[Date "2011.05.24"]
[Round "4"]
[White "Kaptsan, Aron"]
[Black "Lipic, Stephen"]
[Result "1/2-1/2"]
[WhiteElo "2002"]
[BlackElo "1869"]
[PlyCount "70"]
[GameId "2160767909704660"]
[EventDate "2011.05.03"]
[EventType "swiss"]
[EventRounds "5"]
[EventCountry "CAN"]
[SourceTitle "EXT 2022"]
[Source "ChessBase"]
[SourceDate "2021.10.06"]
[SourceVersion "1"]
[SourceVersionDate "2021.10.06"]
[SourceQuality "1"]

1. d4 d5 2. c4 e6 3. Nc3 c6 4. e4 dxe4 5. Nxe4 Nf6 6. Nxf6+ Qxf6 7. Nf3 h6 8. Bd3 Bd6 9. O-O O-O 10. Re1 Nd7 11. c5 Bc7 12. Qe2 Re8 13. Ne5 Nf8 14. Qe4 Rd8 15. Re3 Bd7 16. Rf3 Qe7 17. Rxf7 Qe8 18. Rf3 Qh5 19. Bd2 Bxe5 20. dxe5 Be8 21. Qe3 Rd5 22. Bc3 Rad8 23. Be2 Qh4 24. Rh3 Qe7 25. b4 Qc7 26. f4 Bg6 27. Bc4 Rd1+ 28. Rxd1 Rxd1+ 29. Kf2 Qd7 30. Qf3 Rc1 31. Bb3 Bb1 32. Bb2 Qd2+ 33. Qe2 Qxf4+ 34. Rf3 Qh4+ 35. Rg3 Qf4+ 1/2-1/2

[Event "Winnipeg TNT May op"]
[Site "Winnipeg CAN"]
[Date "2011.05.24"]
[Round "4"]
[White "Le Dorze, Philippe"]
[Black "Baron, Cody"]
[Result "1-0"]
[WhiteElo "1601"]
[BlackElo "1242"]
[PlyCount "87"]
[GameId "2160767909704663"]
[EventDate "2011.05.03"]
[EventType "swiss"]
[EventRounds "5"]
[EventCountry "CAN"]
[SourceTitle "EXT 2022"]
[Source "ChessBase"]
[SourceDate "2021.10.06"]
[SourceVersion "1"]
[SourceVersionDate "2021.10.06"]
[SourceQuality "1"]

1. d4 Nf6 2. c4 d5 3. Nc3 dxc4 4. e4 Nc6 5. Nf3 Bg4 6. d5 Nb4 7. Qa4+ Nd7 8. Qxb4 Bxf3 9. gxf3 Ne5 10. Qa4+ c6 11. Be2 e6 12. f4 Nd3+ 13. Bxd3 cxd3 14. dxc6 bxc6 15. Qxc6+ Ke7 16. Be3 Qc8 17. Bc5+ Kd8 18. Qxc8+ Rxc8 19. Bxf8 Rxf8 20. O-O-O Ke7 21. Rxd3 a5 22. Rhd1 Kf6 23. Kb1 g5 24. fxg5+ Kxg5 25. Ne2 Rc4 26. h4+ Kf6 27. Ng3 Rfc8 28. f4 e5 29. Rd6+ Ke7 30. fxe5 Kf8 31. Nf5 f6 32. e6 Rc1+ 33. Rxc1 Re8 34. e7+ Kf7 35. Rd8 Rxe7 36. Nxe7 Kxe7 37. Rh8 Ke6 38. Rc6+ Ke5 39. Re8+ Kf4 40. Rxf6+ Ke3 41. Rd8 h5 42. e5 a4 43. e6 a3 44. e7 1-0

[Event "Winnipeg TNT May op"]
[Site "Winnipeg CAN"]
[Date "2011.05.24"]
[Round "4"]
[White "Moncal, Nilo"]
[Black "Babb, Jeff"]
[Result "1-0"]
[WhiteElo "2056"]
[BlackElo "2218"]
[PlyCount "97"]
[GameId "2160767909704665"]
[EventDate "2011.05.03"]
[EventType "swiss"]
[EventRounds "5"]
[EventCountry "CAN"]
[SourceTitle "EXT 2022"]
[Source "ChessBase"]
[SourceDate "2021.10.06"]
[SourceVersion "1"]
[SourceVersionDate "2021.10.06"]
[SourceQuality "1"]

1. e4 e5 2. Nf3 Nc6 3. Bb5 a6 4. Ba4 Nf6 5. O-O Nxe4 6. Bxc6 dxc6 7. Nxe5 Be6 8. d3 Nd6 9. Nc3 Be7 10. Bf4 O-O 11. Re1 Bg5 12. Qd2 Bxf4 13. Qxf4 Qe8 14. Ne4 Nxe4 15. Rxe4 f6 16. Nf3 Qf7 17. Rae1 Rae8 18. a3 g6 19. Qe3 Bd7 20. Qd4 Rxe4 21. Rxe4 Bf5 22. Re1 Qd5 23. Qb4 c5 24. Qa5 b6 25. Qxa6 Ra8 26. Qb5 Bd7 27. Qc4 Qxc4 28. dxc4 Kf7 29. Kf1 Bf5 30. Rc1 Rd8 31. Ke1 Be4 32. Rd1 Re8 33. Kd2 Bxf3 34. gxf3 g5 35. Rg1 Kg6 36. Re1 Rd8+ 37. Kc3 Kf5 38. Re7 h5 39. Rxc7 Kf4 40. Rc6 f5 41. Rxb6 Kxf3 42. Rg6 g4 43. b4 Rc8 44. b5 Kxf2 45. b6 h4 46. a4 g3 47. hxg3 hxg3 48. a5 g2 49. b7 1-0

[Event "Winnipeg TNT May op"]
[Site "Winnipeg CAN"]
[Date "2011.05.24"]
[Round "4"]
[White "Mundwiler, Les"]
[Black "Rutter, Blair"]
[Result "1-0"]
[WhiteElo "2071"]
[BlackElo "1868"]
[PlyCount "75"]
[GameId "2160767909704666"]
[EventDate "2011.05.03"]
[EventType "swiss"]
[EventRounds "5"]
[EventCountry "CAN"]
[SourceTitle "EXT 2022"]
[Source "ChessBase"]
[SourceDate "2021.10.06"]
[SourceVersion "1"]
[SourceVersionDate "2021.10.06"]
[SourceQuality "1"]

1. d4 d5 2. c4 c6 3. cxd5 cxd5 4. Nc3 Nc6 5. Nf3 Nf6 6. Bf4 e6 7. e3 Bd6 8. Bxd6 Qxd6 9. a3 O-O 10. Bd3 Bd7 11. O-O e5 12. Nb5 Qe7 13. Be2 a6 14. dxe5 Nxe5 15. Nc7 Rad8 16. Nxd5 Nxd5 17. Qxd5 Ng4 18. Qb3 Be6 19. Bc4 Bf5 20. h3 Nf6 21. Rfd1 Rc8 22. Rac1 b5 23. Bd5 Nxd5 24. Qxd5 Be6 25. Qh5 h6 26. Nd4 Rxc1 27. Rxc1 Bc4 28. Qf3 Qg5 29. Qf5 Qe7 30. Qf4 Bd5 31. Rc7 Qe8 32. h4 f6 33. Nf5 Bf7 34. Qg3 g6 35. Nxh6+ Kg7 36. Nf5+ Kg8 37. Nd6 Qe5 38. Nxf7 1-0

[Event "Winnipeg TNT May op"]
[Site "Winnipeg CAN"]
[Date "2011.05.24"]
[Round "4"]
[White "Reimer, Bruce"]
[Black "Campbell, Gary"]
[Result "1-0"]
[WhiteElo "1660"]
[BlackElo "1729"]
[PlyCount "64"]
[GameId "2160767909704669"]
[EventDate "2011.05.03"]
[EventType "swiss"]
[EventRounds "5"]
[EventCountry "CAN"]
[SourceTitle "EXT 2022"]
[Source "ChessBase"]
[SourceDate "2021.10.06"]
[SourceVersion "1"]
[SourceVersionDate "2021.10.06"]
[SourceQuality "1"]

1. c4 e6 2. g3 c5 3. Bg2 Nf6 4. Nc3 d5 5. cxd5 exd5 6. e3 Nc6 7. Nge2 g6 8. d4 cxd4 9. exd4 Bg7 10. Bg5 Qa5 11. O-O Ne4 12. Nxe4 dxe4 13. Bf4 O-O 14. Bxe4 Qb6 15. d5 Ne5 16. Rb1 Bg4 17. Bxe5 Bxe5 18. Qd2 f5 19. Bg2 Bxe2 20. Qxe2 Rae8 21. Qd2 f4 22. Qd3 fxg3 23. hxg3 Rf6 24. Qb3 Qxb3 25. axb3 Bd4 26. Rfd1 Bxf2+ 27. Kh2 Re3 28. d6 Bxg3+ 29. Kh1 Bxd6 30. Bxb7 Rh3+ 31. Kg1 Bc5+ 32. Kg2 Rxb3 1-0

[Event "Winnipeg TNT May op"]
[Site "Winnipeg CAN"]
[Date "2011.05.24"]
[Round "4"]
[White "Trueman, Francis"]
[Black "Leaden, Bruce"]
[Result "1-0"]
[WhiteElo "1469"]
[BlackElo "1400"]
[PlyCount "39"]
[GameId "2160767909704670"]
[EventDate "2011.05.03"]
[EventType "swiss"]
[EventRounds "5"]
[EventCountry "CAN"]
[SourceTitle "EXT 2022"]
[Source "ChessBase"]
[SourceDate "2021.10.06"]
[SourceVersion "1"]
[SourceVersionDate "2021.10.06"]
[SourceQuality "1"]

1. Nf3 c6 2. d3 Nf6 3. g3 g6 4. Bg2 Bg7 5. O-O O-O 6. Nbd2 d5 7. Re1 Re8 8. e4 dxe4 9. dxe4 Bg4 10. Qe2 Qc7 11. h3 Bxf3 12. Nxf3 Nbd7 13. e5 Nd5 14. c4 N5b6 15. e6 fxe6 16. Qxe6+ Kh8 17. Ng5 Rf8 18. Nf7+ Rxf7 19. Qxf7 Nf6 20. Rxe7 1-0